Quizzes
Events
Quiz Creation
Community
Videos
Private Events
Remove Ads
Sign In
Join for FREE
Feedback
Dark Mode
Quiz Categories
Sports
Geography
Music
Movies
Television
Just For Fun
Miscellaneous
History
Literature
Language
Science
Gaming
Entertainment
Religion
Holiday
For Kids
Quiz Lab
Recent
Popular Today
Quiz Kudos Today
Editor Picks
Curator Picks
Quizzes by...
Day
Popularity
Type
Ratings
Length
Year
Community
Subscriptions
Recent Discussions
Orange Saloon
Badges
Playlists
Quests
Create
Leaderboards
Showdown
Live 5
Trivia Bingo
Activity
Puzzle Library
Sporcle Events
Private Events
Virtual Trivia
Globe League
Become a Host
Pub Owners
SporcleCon
Opinionation
Our Games
Videos
Blog
Mobile Apps
Partnerships
Remove Ads and Go Orange
Feedback
Entertainment
Celebrity
Famous
Musical
Broadway
Show
Quote
Comic Books
Anime
Superhero
DC Comics
Marvel
Cartoons
Animation
Entertainment
Celebrity
Famous
Musical
Broadway
Show
Quote
Comic Books
Anime
Superhero
DC Comics
Marvel
Cartoons
Animation
Random Quiz
Search Sporcle
×
Quiz Lab
Quiz Lab
Entertainment
100
Type in answers that appear in a list
Type in answers that appear in a list
Classic
Best Score? Go Orange.
FHM's 100 Sexiest Women (2008) Stats
Can you name FHM's 100 Sexiest Women (2008)
By
xxeminemxx118
15m
100 Questions
294 Plays
294 Plays
294 Plays
Comments
Comments
Give Quiz Kudos
Give Quiz Kudos
-
- Ratings
hide this ad
Replay
Link that replays current quiz
Next Quiz
Link to next quiz in quiz playlist
You Got
0%
They Got
Avg Score
46%
Avg Friend Score
Upgrade to see
Score Distribution
Jump to the score distribution portion of the page
Score
0/100
Timer
15:00
0
Plays Today
Number
Answer
% Correct
1.
Megan Fox
79.6%
9.
Angelina Jolie
77.2%
2.
Jessica Alba
76.5%
17.
Beyonce
75.2%
31.
Britney Spears
74.8%
6.
Scarlett Johansson
73.5%
20.
Christina Aguilera
71.4%
11.
Rihanna
69.7%
27.
Jennifer Aniston
69.4%
39.
Natalie Portman
69.4%
13.
Jessica Biel
69%
46.
Halle Berry
67.7%
60.
Cameron Diaz
66%
28.
Charlize Theron
65.3%
41.
Lindsay Lohan
65.3%
21.
Adriana Lima
63.9%
10.
Keira Knightley
63.3%
33.
Emma Watson
63.3%
26.
Jessica Simpson
62.6%
7.
Cheryl Cole
61.9%
89.
Kristen Bell
61.9%
12.
Kate Beckinsale
60.5%
19.
Jennifer Love Hewitt
60.5%
34.
Kelly Brook
58.8%
14.
Eva Longoria
58.2%
35.
Eva Mendes
58.2%
40.
Heidi Klum
58.2%
70.
Sienna Miller
58.2%
22.
Gisele Bundchen
57.8%
32.
Sarah Michelle Gellar
57.5%
50.
Rachel McAdams
57.5%
58.
Marisa Miller
57.5%
25.
Salma Hayek
57.1%
53.
Shakira
56.8%
Number
Answer
% Correct
96.
Nicola Roberts
56.5%
16.
Rachel Bilson
55.4%
30.
Maria Sharapova
55.4%
4.
Elisha Cuthbert
54.1%
5.
Hayden Panettiere
53.7%
15.
Alessandra Ambrosio
53.7%
61.
Vanessa Hudgens
52.4%
81.
Anna Kournikova
52.4%
8.
Hilary Duff
51.7%
57.
Jennifer Garner
51%
45.
Katherine Heigl
50%
52.
Carmen Electra
50%
90.
Amber Heard
49.3%
49.
Nicole Scherzinger
48.6%
54.
Evangeline Lilly
48.3%
56.
Mischa Barton
48.3%
72.
Eva Green
48%
3.
Keeley Hazell
47.6%
37.
Avril Lavigne
47.3%
84.
Katie Holmes
45.6%
69.
Mandy Moore
44.9%
42.
Bar Refaeli
44.2%
66.
Kimberley Walsh
43.2%
24.
Sophia Bush
42.2%
64.
Ali Larter
42.2%
36.
Sarah Harding
41.5%
77.
Denise Richards
41.5%
38.
Olga Kurylenko
41.2%
23.
Ana Ivanovic
40.8%
47.
Monica Bellucci
40.5%
43.
Nadine Coyle
39.5%
48.
Kristin Kreuk
39.5%
93.
Kylie Minogue
39.1%
29.
Rachel Stevens
38.4%
Number
Answer
% Correct
95.
Dannii Minogue
38.4%
100.
Holly Willoughby
37.8%
98.
Victoria Beckham
37.4%
67.
Milla Jovovich
35.7%
78.
Gwen Stefani
34.4%
18.
Gemma Atkinson
34%
74.
Stacy Keibler
33%
94.
Billie Piper
33%
62.
Holly Valance
32.3%
71.
Fearne Cotton
32.3%
99.
Marion Cotillard
31.6%
82.
Michelle Ryan
30.6%
86.
Ellen Page
30.6%
63.
Alexa Chung
29.6%
79.
Mary Elizabeth Winstead
27.9%
73.
Tricia Helfer
27.6%
55.
Abbey Clancy
27.2%
65.
Emily Scott
26.9%
44.
Alesha Dixon
26.5%
92.
April Scott
26.5%
97.
Roxanne McKee
26.2%
68.
Nadine Velazquez
24.8%
88.
Odette Yustman
22.4%
51.
Emma Griffiths
21.8%
80.
Agyness Deyn
21.4%
83.
Katherine Jenkins
20.4%
75.
Petra Nemcova
17.3%
76.
Chelsy Davy
16.7%
59.
Charlotte McKenna
15.6%
91.
Kirstie Allsopp
13.6%
85.
Gloria De Piero
12.6%
87.
Hannah Spearritt
12.6%
Quiz Playlist
Details
Report
Send in Message
Add To Playlist
Classic:
Type in answers that appear in a list
Quiz Source
Last Updated: Sep 1, 2020
Quiz Scoreboard
CHALLENGE
Sign Up to Join the Scoreboard
Show All
Scores
Hide
Comments
May contain spoilers
Recently Published
Movies - When Are They Set?
by FPL_Elf
Movies
5m
Popular People in 1961
by mucciniale
History
6m
1-10 Letter E Words III
by El_Dandy
Language
2m
More to Explore
Quiz From the Vault
Featured Blog Post
Where Did the Easter Bunny Come From?
hide this ad
You Might Also Like...
Tags
100
2008
fhm
FHM 100
Sexiest
Women
Today's Top Quizzes in Entertainment
Browse Entertainment
hide this ad
Today's Top Quizzes in 100
Browse 100
Top Contributed Quizzes in Entertainment
1
Kamen Rider Motifs
2
Dragon Ball Z: Goku's Fights in Order
3
Dragon Ball Z: Mega Character Search
4
One Piece Arcs By Order III
5
Survivor Winners Logic Quiz
6
Undead Unluck Minefield
7
Criteria Quickie: Cartoon Taxonomy II
8
Marvel Characters Bunker
9
Who Wants to Be a Millionaire: Anime Edition
10
Demon Slayer 11-1
Explore More
Trending Topics
Marvel
Crossword
Kpop
NBA
Disney
Anime
Harry Potter
NFL
Pokémon
Soccer
Puzzle
Song
The Office
WWE
Country
hide this ad
More By:
xxeminemxx118
Quiz
Plays
Rating
Category
Featured
Created
Maxim's Hot 100 (2000)
718
4.00
Entertainment
Sep 7, 2013
Maxim's Hot 100 (2001)
660
Entertainment
Sep 7, 2013
Glamour's Sexiest Men of 2016
478
Entertainment
Feb 21, 2016
French actresses under 40
433
1.50
Entertainment
Oct 11, 2015
Men's Health Top 100 Sexiest Women in 2014
421
Entertainment
Sep 24, 2014
Go to Creator's Profile
Score Distribution
Quiz Creator Spotlight
xxeminemxx118
Follow
Send a Message
Quizzes Created
-
Created Quiz Play Count
-
More By This Creator
Popular Quizzes Today
1
Find the US States - No Outlines Minefield
2
Find the Countries of Europe - No Outlines Minefield
3
The Countries of the World
4
Popular People in 1961
5
1-10 Letter E Words III
6
US States
7
Find the US States
8
One Thing in Common: World Cities II
More Entertainment Quizzes
Musicals by Uncomfortable Plot Summary
Quiz Lab
Trending Quizzes
Risky Map Clicking: Least Populous States A-Z
1-10 Letter F Words
1-10 Letter G Words
One Thing in Common: United Kingdom
Risky Map Clicking: Next State Alphabetically
Recently Updated
Leaping Animals
pecheneg
Reality TV Shows (A-Z)
bhenderson79
Rickey Henderson's Hall of Fame Teammates
pecheneg
Champions League XIs: Arsenal
pecheneg
Quick Pick: Celebrities in WWE's Hall of Fame
aduchscher
A-Z Keypad Blitz II
pecheneg
Multiple Oscar Actors
pecheneg
Mystery Phrase Blitz: Oscar 'Best Actors'
pecheneg
F. Scott Fitzgerald Novels
LTH
Pick 3 Villains
ddd62291
Trending Topics
Harry Potter
Crossword
NBA
Marvel
Anime
Kpop
Disney
Soccer
Song
NFL
WWE
The Office
Puzzle
Pokémon
Country
Your Account Isn't Verified!
In order to create a playlist on Sporcle, you need to verify the email address you used during registration. Go to your
Sporcle Settings
to finish the process.
Report this User
Report this user for behavior that violates our
Community Guidelines
.
Details:
Send Report
Go to the Sporcle.com Mobile Site →
Comments